01330nam a2200289 i 4500001001000000003000900010005001700019007000300036008004100039040003000080049000900110082001300119245009400132264007900226300003900305336002700344337003300371338002800404500003400432590002600466700005400492942001400546952013100560952013200691952020000823999001701023000014398DO-SdBNP20240528153837.0ta091211s1994 dr a 000 0 spa d aDO-SdBNPbspacBNPHUerda aBNPD 4bO13c22200aObras Completas de Hector Colombino Perelló /cprólogo y edición, Freddy Aguasvivas aSanto Domingo :bFundación Cultural Héctor Colombino Perelló,c1994. avolumen :bilustraciones ;c26 cm. 2rdacontentatextobtxt 2rdamediaasin mediaciónbn 2rdacarrieravolumenbnc aLa biblioteca posee el tomo 1 aInventariado, 2024/BT1 aAguasVivas, Freddy,eprólogo y edición932508 2ddccLBS1 00102ddc51708PDaBNPHUbBNPHUcCTd2009-12-11l0oBNPHU PD O13cp14398-10r2020-06-25tv.1w2020-06-25yLBS1ZNo se presta 00102ddc51708PDaBNPHUbBNPHUcCTd2009-12-11l0oBNPHU PD p14398-20r2020-06-25tv.1, e.2w2020-06-25yLBS1ZNo se presta 00102ddc56708DSaBNPHUbBNPHUcCTd2024-05-28eDonaciónl0oBNPHU DS O13cp2024-3203r2024-05-28tv.1, e.3w2024-05-28yLBS1zPerteneció a la biblioteca personal de Emilio Cordero Michel. c13989d13989